Sesame Street Franchise - Statistics

General Stats
  • This quiz has been taken 50 times
  • The average score is 10 of 112
Answer Stats
Type Year Name Info % Correct
TV Show 1969-Present Sesame Street NET / PBS / HBO / HBO Max
100%
Comic Strip 1971-1975 Sesame Street Cliff Roberts
100%
TV Show 1971-Present Sesame Street (Japan)
100%
TV Show 1972-2018 Sésamo Canal 5
37%
Theme Park 1980-Present Sesame Place Langhorne, Pennsylvania
34%
TV Show 2002-2007 Play with Me Sesame Noggin
31%
Film 1985 Sesame Street Presents: Follow That Bird Warner Bros.
31%
Touring Show 1980-Present Sesame Street Live Vincent Egan
23%
TV Show 1972-Present Sésamo TV Cultura / TV Rá-Tim-Bum / Rede Globo / SBT
20%
TV Special 1996 Elmo Saves Christmas PBS
17%
TV Show 2014-2017 The Furchester Hotel CBeebies / Universal Kids / CBC Kids
17%
TV Special 2007 Elmo's Christmas Countdown ABC
14%
Video Game 1991 Sesame Street: Countdown Hi Tech Expressions
14%
TV Show 1976-2019 Sesamstraat (Netherlands)
14%
TV Show 1973-Present Sesamstraße NDR / KiKA
14%
TV Show 2000-Present Takalani Sesame SABC
14%
Film 1999 The Adventures of Elmo in Grouchland Sony
14%
Video Game 1999 The Adventures of Elmo in Grouchland NewKidCo / Ubisoft / Mattel Media
14%
TV Show 1978-1982 1, rue Sésame TF1
11%
TV Show 2005-2007 5, Rue Sésame France 5
11%
TV Show 2000-2017 Alam Simsim (Egypt)
11%
TV Show 2006-Present Galli Galli Sim Sim Cartoon Network India / DD National
11%
TV Show 1983-2015 Rechov Sumsum Israeli Educational Television / HOP! Channel
11%
TV Show 1972-2001 Sesame Park CBC TV
11%
TV Show 1986-1991, 2010-2011 Shalom Sesame CTW / PBS
11%
Film 2008 Abby in Wonderland Genius Entertainment / Kidtoon Films
9%
TV Show 1979 Barrio Sésamo RTVE
9%
TV Special 1999 CinderElmo FOX
9%
TV Special 1983 Don't Eat the Pictures: Sesame Street at the Metropolitan Museum of Art PBS
9%
Video Game 1996 Get Set to Learn! Creative Wonders / Children's Television Workshop
9%
Video Game 1998 Grover's Travels Encore Software / Sesame Workshop
9%
TV Show 1979-1990, 2015-Present Iftah Ya Simsim Syndication
9%
TV Special 1974 Out to Lunch ABC
9%
TV Show 2008-2009 Panwapa PBS Kids Sprout
9%
TV Show 2001-2007 Sisimpur BTV
9%
Children's Book 1971 The Monster at the End of This Book: Starring Lovable, Furry Old Grover Jon Stone
9%
Video Game 1998 The Three Grouchketeers Encore Software / Creative Wonders
9%
TV Show 1998-2001 Zhima Jie CCTV
9%
Video Game 1983 Alpha Beam with Ernie Atari
6%
TV Show 1984-2013 Batibot RTN / PTV / ABS-CBN / GMA Network / TV5
6%
Documentary 2011 Being Elmo: A Puppeteer's Journey Submarine Deluxe / Mongrel Media / Madman Entertainment
6%
TV Special 1983 Big Bird in China NBC
6%
TV Special 1989 Big Bird in Japan PBS
6%
Video Game 1990 Big Bird's Hide & Speak Hi Tech Expressions
6%
TV Special 1978 Christmas Eve on Sesame Street PBS
6%
Cancelled Video Game N/A Count's Castle Atari
6%
TV Special 1998 Elmopalooza ABC
6%
Video Game 1995 Elmo's Art Workshop Creative Wonders / Children's Television Workshop / Encore Software
6%
Video Game 2000 Elmo's Deep Sea Adventure Mattel Interactive / Sesame Workshop / Encore Software
6%
Video Game 1999 Elmo's Letter Adventure NewKidCo / Ubisoft
6%
Video Game 1999 Elmo's Number Journey NewKidCo / Ubisoft
6%
Video Game 1996 Elmo's Preschool Children's Television Workshop / Creative Wonders
6%
Documentary 2014 I Am Big Bird: The Caroll Spinney Story Tribeca Film
6%
TV Special 1973 Julie on Sesame Street ABC
6%
Video Game 1995 Let's Make a Word! EA / Children's Television Workshop
6%
TV Special 2016 Once Upon a Sesame Street Christmas HBO
6%
Video Game 1996 Search & Learn Adventures Creative Wonders / Children's Television Workshop / Mattel Media / Encore Software
6%
TV Show 2006-2007 Sesame Beginnings Sony
6%
TV Show 2009-Present Sesame Square (Nigeria)
6%
Video Game 1986 Sesame Street 123 Hi Tech Expressions
6%
TV Special 1993 Sesame Street: 25 Wonderful Years PBS
6%
TV Special 1994 Sesame Street Jam: A Musical Celebration PBS
6%
Magazine 1970-2008 Sesame Street Magazine Sesame Workshop
6%
TV Special 2019 Sesame Street's 50th Anniversary Celebration HBO / PBS
6%
TV Special 1993 Sesame Street Stays Up Late! PBS
6%
TV Show 2011-2012 Sim Sim Hamara PTV
6%
Non-Fiction Book 2008 Street Gang: The Complete History of Sesame Street Michael Davis
6%
TV Special 2017 The Magical Wand Chase HBO
6%
TV Special 2018 When You Wish Upon a Pickle: A Sesame Street Special HBO
6%
Theme Park Attraction 2010-Present Air Grover Busch Gardens Tampa Bay
3%
TV Special 1978 A Special Sesame Street Christmas PBS
3%
Video Game 1983 Big Bird's Egg Catch Atari
3%
Video Game 1983 Cookie Monster Munch Atari
3%
Video Game 1999 Elmo's 123s Children's Television Workshop / NewKidCo
3%
Video Game 1998 Elmo Through the Looking Glass Creative Wonders / Children's Television Workshop / Encore Software / Sesame Workshop
3%
Cancelled Video Game 1983 Grover's Music Maker Atari
3%
TV Show 2003-2010 Hikayat Simsim (Jordan)
3%
TV Show 2008-2016 Jalan Sesama Trans7 / Kompas TV / MNC Kids Channel
3%
Video Game 2012 Kinect Sesame Street TV Microsoft Studios
3%
Video Game 1983 Oscar's Trash Race Atari
3%
Video Game 1987 Pals Around Town Hi Tech Expressions
3%
TV Show 2005-2006 Sabai Sabai Sesame Educational Television Cambodia
3%
Video Game 1986 Sesame Street ABC Hi Tech Expressions
3%
Video Game 1994 Sesame Street Counting Café EA
3%
Video Game 2011 Sesame Street: Once Upon a Monster Warner Bros. Interactive
3%
Video Game 2001 Sesame Street Sports NewKidCo / Ubisoft
3%
TV Show 1991-1999 Sesam Stasjon NRK
3%
TV Show 1989-1991 Susam Sokağı TRT
3%
TV Show 1981-1982 Svenska Sesam STV2
3%
TV Show ???? Szezám Utca (Hungary)
3%
TV Special 2015 The Cookie Thief PBS
3%
TV Show 1996-2001 Ulica Sezamkowa TVP2
3%
TV Show 2011-Present Baghch-e-Simsim Tolo TV / Lemar TV
0%
TV Special 1991 Big Bird's Birthday Celebration PBS
0%
Non-Fiction Book 1974 Children and Television: Lessons from Sesame Street Gerald S. Lesser
0%
Video Game 1999 Elmo's ABCs Children's Television Workshop / NewKidCo
0%
Children's Book 1979 Ernie's Work of Art Valjean McLenighan
0%
Theme Park Attraction 2009-Present Grover's Alpine Express Busch Gardens Williamsburg
0%
Children's Book 1986 Happy Birthday, Cookie Monster Felice Haus
0%
TV Show ???? Kilimani Sesame TBC / TVZ
0%
TV Show 1990-1991, 2000-2001 Open Sesame ABS-CBN / GMA Network
0%
TV Special 1989 Sesame Street... 20 Years & Still Counting NBC
0%
Theme Park Attraction 2003-Present Sesame Street 4-D Movie Magic (Various)
0%
Theme Park Attraction 2013-Present Sesame Street Spaghetti Space Chase Universal Studios Singapore
0%
Children's Book 1971 Sesame Street Together Book Revena Dwight / Roger Bradfield
0%
TV Show 1998-Present Shara'a Simsim Maan TV Network
0%
Short Film 1994 The Best of Elmo Sony / Random House
0%
Short Film 1998 The Best of Kermit on Sesame Street Sony
0%
Children's Book 1985 The House of Seven Colors Madeline Sunshine
0%
Non-Fiction Book 1980 The Sesame Street Dictionary Linda Hayward
0%
Documentary 2006 The World According to Sesame Street Participant Productions
0%
TV Show 1996-2007 Ulitsa Sezam NTV / ORT / STS
0%
No matching quizzes found
Score Distribution
Percent of People with Each Score
Percentile by Number Answered
Your Score History
You have not taken this quiz